000 00648nam a2200253 a 4500
001 14312
003 BD-JhCC
005 20250302143259.0
008 250302b20172018e a|||| ||a| 001 0 eng d
020 _a9780241339305
035 _a(BD-JhCC)14312
040 _aBD-JhCC
_dBD-JhCC
041 _aenglish
082 _a808.83
_bKAF 2018
100 _aKafka, Franz
245 _aInvestigations of a Dog /
_c Franz Kafka.
260 _aNew York:
_bPenguin Books;
_c2018.
300 _a64 p. :
_c16 cm.
490 _aPenguin Modern: 14
500 _aPenguin Modern: 14
650 _aEnglish Short stories
942 _2ddc
_cBK
999 _c14312
_d14312